000 00637nam a2200253Ia 4500
003 OSt
005 20221007103429.0
006 a|||||r|||| 00| 0
007 ta
008 221006b |||||||| |||| 00| 0 hin d
024 _a13,153
037 _cTextual
040 _aLCO
_cLCO
_bhin
041 _2hin
_ahin
082 _aX724:(Z), N5
100 _aRai Kailash
245 0 _aAaykar Vidhi
250 _a6th
260 _aAllahabad
_bAllahabad Law Agency Publications India
_c1995
300 _a276
650 _aIncomeTax
_9705078
942 _hX724:(Z), N5
_cTEXL
999 _c1182716
_d1182716